| 000 | 01692nam a22004217a 4500 | ||
|---|---|---|---|
| 003 | CHAP | ||
| 005 | 20220329143825.0 | ||
| 008 | 111014s2011 mx r 00010 spa d | ||
| 010 | _a102378 | ||
| 011 | _a103350 | ||
| 035 | _a114039 | ||
| 040 | _cCHAP | ||
| 090 | _aTesis | ||
| 100 | 1 |
_aBurgos Herrera, Bogard _916170 |
|
| 245 | 1 | 0 |
_aDiversidad florística y calidad químico nutricional de herbaceas en potreros con y sin arbolado en Huatusco, Veracruz _h[En línea] _c/por Bogard Burgos Herrera |
| 260 |
_aChapingo, Méx. : _bEl autor, _c2011 |
||
| 500 | _aParaver el contenido del material haga clic en la liga | ||
| 502 | _aTesis (Ing. en Agroecología) -- UACH. Departamento de Enseñanza investigación y Servicio en Agroecología | ||
| 590 |
_aALEPH _b10 _c20130110 _lUCH01 _h1542 |
||
| 590 |
_aBATCH-UPD _b10 _c20130110 _lUCH01 _h1226 |
||
| 590 |
_aBATCH-UPD _b10 _c20130410 _lUCH01 _h0758 |
||
| 590 |
_aBATCH-UPD _b10 _c20130914 _lUCH01 _h0756 |
||
| 590 |
_aBATCH-UPD _b10 _c20140324 _lUCH01 _h1528 |
||
| 590 |
_aBATCH-UPD _b10 _c20141002 _lUCH01 _h0851 |
||
| 590 |
_aBATCH _b00 _c20181121 _lUCH01 _h0759 |
||
| 590 |
_aCONVERSION _b10 _c20130109 _lUCH01 _h1356 |
||
| 650 | 1 | 4 |
_aGanadería y bosques. _944886 |
| 650 | 1 | 4 |
_aGanado _xPastoreo. _944941 |
| 650 | 1 | 4 |
_aPlantas forrajeras _xVeracruz. _988994 |
| 650 | 1 | 4 |
_aPlantas herbáceas. _988998 |
| 650 | 1 | 4 |
_aPlantas _xNutrición. _988874 |
| 856 |
_3Finding aid _uhttp://10.13.5.2/tesis/114039.pdf _zTeclea aqui |
||
| 856 |
_a1 _n0001061 |
||
| 901 | _aBK | ||
| 942 | _cFOLL | ||
| 949 |
_aTesis _bBC _cTES _d33724002309504 _eTS1 _gDonaciØn _h52880 _i114039 _st |
||
| 949 |
_aTesis _bBC _cTES _d33724002309545 _eTS2 _fc.2 _gDonaciØn _h52881 _i114039 _st |
||
| 999 |
_c102378 _d102378 |
||